Normal view MARC view

Entry Personal Name

Number of records used in: 1

001 - CONTROL NUMBER

  • control field: 13586

003 - CONTROL NUMBER IDENTIFIER

  • control field: OSt

005 - DATE AND TIME OF LATEST TRANSACTION

  • control field: 20211014105319.0

008 - FIXED-LENGTH DATA ELEMENTS

  • fixed length control field: 211014|| aca||aabn | a|a d

040 ## - CATALOGING SOURCE

  • Original cataloging agency: OSt
  • Transcribing agency: OSt

100 ## - HEADING--PERSONAL NAME

  • Personal name: PROF/S.KON

670 ## - SOURCE DATA FOUND

  • Source citation: Work cat.: (OSt)12704: PROF/S.KON, A HISTORY OFCLASSICAL SOCIOLOGY, 1989